<?xml version="1.0" encoding="UTF-8"?>
<record
    xmlns:xsi="http://www.w3.org/2001/XMLSchema-instance"
    xsi:schemaLocation="http://www.loc.gov/MARC21/slim http://www.loc.gov/standards/marcxml/schema/MARC21slim.xsd"
    xmlns="http://www.loc.gov/MARC21/slim">

  <leader>02010ngm a22002777a 4500</leader>
  <controlfield tag="005">20160708132413.0</controlfield>
  <controlfield tag="008">160621t19362003mx 084|| |||| 00| v|eng d</controlfield>
  <datafield tag="028" ind1="4" ind2=" ">
    <subfield code="a">7509036230403</subfield>
  </datafield>
  <datafield tag="050" ind1="0" ind2="0">
    <subfield code="a">PN1995.9.S62</subfield>
    <subfield code="b">T54 2003</subfield>
  </datafield>
  <datafield tag="245" ind1="0" ind2="0">
    <subfield code="a">Tiempos modernos</subfield>
    <subfield code="c">escrito, dirigido, producido y anotado por Charles Chaplin; con Paulette Goodard.</subfield>
    <subfield code="h">[videograbaci&#xF3;n]</subfield>
  </datafield>
  <datafield tag="246" ind1=" " ind2=" ">
    <subfield code="a">Modern times</subfield>
    <subfield code="h">[videograbaci&#xF3;n]</subfield>
  </datafield>
  <datafield tag="260" ind1=" " ind2=" ">
    <subfield code="a">M&#xE9;xico ;</subfield>
    <subfield code="b">Warner Home video,</subfield>
    <subfield code="c">2003</subfield>
  </datafield>
  <datafield tag="300" ind1=" " ind2=" ">
    <subfield code="b">Blanco y negro</subfield>
    <subfield code="c"> 4 3/4 plg.</subfield>
  </datafield>
  <datafield tag="490" ind1=" " ind2=" ">
    <subfield code="a">Chaplin edici&#xF3;n epecial</subfield>
  </datafield>
  <datafield tag="500" ind1=" " ind2=" ">
    <subfield code="a">Copia 1: 2 videodiscos; copia 2 y 3 1 disco blu-ray</subfield>
  </datafield>
  <datafield tag="508" ind1=" " ind2=" ">
    <subfield code="a">M&#xFA;sica: Charles Chaplin; fotograf&#xED;a: Karl Struss. </subfield>
  </datafield>
  <datafield tag="520" ind1=" " ind2=" ">
    <subfield code="a">Tiempos modernos es una mezcla entre el cine mudo y el sonoro; a veces es considerada como la &#xFA;ltima pel&#xED;cula muda de la historia. Se emplearon algunos efectos auditivos, como m&#xFA;sica, cantantes y voces provenientes de radios y altavoces as&#xED; como la sonorizaci&#xF3;n de la actividad de las m&#xE1;quinas. Al final puede o&#xED;rse brevemente la voz de Charles Chaplin. Y es la primera pel&#xED;cula en la que se escucha su voz. El actor canta una versi&#xF3;n de la canci&#xF3;n de L&#xE9;o Daniderff &#xAB;Je cherche apr&#xE8;s Titine&#xBB;, pero con una lengua inexistente, conocida como &#xAB;Charabia&#xBB;, cuyos sonidos tratan de asemejarse a una mezcla de franc&#xE9;s e italiano, con alguna palabra reconocible en ingl&#xE9;s.

Considerado como un ejemplo de cr&#xED;tica social, el mismo Chaplin neg&#xF3; la relevancia que muchos han querido darle a su trabajo en este largometraje. En la obra se mezcla la ficci&#xF3;n con la realidad, para tomarla con un poco de humor.</subfield>
  </datafield>
  <datafield tag="521" ind1=" " ind2=" ">
    <subfield code="a">Clasificaci&#xF3;n "A"</subfield>
  </datafield>
  <datafield tag="538" ind1=" " ind2=" ">
    <subfield code="a">DVD regi&#xF3;n 1 y 4, blu-ray</subfield>
  </datafield>
  <datafield tag="546" ind1=" " ind2=" ">
    <subfield code="a">Ingl&#xE9;s, subtitulos en espa&#xF1;ol</subfield>
  </datafield>
  <datafield tag="650" ind1=" " ind2="4">
    <subfield code="a">Problemas sociales</subfield>
    <subfield code="x">Comedia- Cr&#xED;tica social</subfield>
  </datafield>
  <datafield tag="700" ind1="1" ind2=" ">
    <subfield code="a">Chaplin, Charles</subfield>
    <subfield code="e">escritor, director, productor y anotador</subfield>
  </datafield>
  <datafield tag="700" ind1="1" ind2=" ">
    <subfield code="a">Goodard, Paulette</subfield>
    <subfield code="e">escritor, director, productor y anotador</subfield>
  </datafield>
  <datafield tag="710" ind1="2" ind2=" ">
    <subfield code="a">Warner Bros Entertaiment Inc.</subfield>
  </datafield>
  <datafield tag="942" ind1=" " ind2=" ">
    <subfield code="2">lcc</subfield>
    <subfield code="c">PEL</subfield>
  </datafield>
  <datafield tag="999" ind1=" " ind2=" ">
    <subfield code="c">117198</subfield>
    <subfield code="d">117198</subfield>
  </datafield>
  <datafield tag="952" ind1=" " ind2=" ">
    <subfield code="0">0</subfield>
    <subfield code="1">0</subfield>
    <subfield code="2">lcc</subfield>
    <subfield code="4">0</subfield>
    <subfield code="7">0</subfield>
    <subfield code="a">LIC-047</subfield>
    <subfield code="b">LIC-047</subfield>
    <subfield code="c">MA</subfield>
    <subfield code="d">2016-06-21</subfield>
    <subfield code="h">VBFP000061</subfield>
    <subfield code="l">3</subfield>
    <subfield code="o">PN1995.9.S62 T54 2003</subfield>
    <subfield code="p">VBFP000061</subfield>
    <subfield code="r">2017-02-17 00:00:00</subfield>
    <subfield code="s">2017-02-15</subfield>
    <subfield code="t">1</subfield>
    <subfield code="w">2016-06-21</subfield>
    <subfield code="y">PEL</subfield>
  </datafield>
  <datafield tag="952" ind1=" " ind2=" ">
    <subfield code="0">0</subfield>
    <subfield code="1">0</subfield>
    <subfield code="2">lcc</subfield>
    <subfield code="4">0</subfield>
    <subfield code="7">0</subfield>
    <subfield code="a">LIC-047</subfield>
    <subfield code="b">LIC-047</subfield>
    <subfield code="c">MA</subfield>
    <subfield code="d">2016-06-21</subfield>
    <subfield code="h">VBFP000062</subfield>
    <subfield code="o">PN1995.9.S62 T54 2003</subfield>
    <subfield code="p">VBFP000062</subfield>
    <subfield code="r">2016-06-21 00:00:00</subfield>
    <subfield code="t">2</subfield>
    <subfield code="w">2016-06-21</subfield>
    <subfield code="y">PEL</subfield>
  </datafield>
  <datafield tag="952" ind1=" " ind2=" ">
    <subfield code="0">0</subfield>
    <subfield code="1">0</subfield>
    <subfield code="2">lcc</subfield>
    <subfield code="4">0</subfield>
    <subfield code="7">0</subfield>
    <subfield code="a">LIC-047</subfield>
    <subfield code="b">LIC-047</subfield>
    <subfield code="c">MA</subfield>
    <subfield code="d">2016-06-23</subfield>
    <subfield code="h">VBFP000071</subfield>
    <subfield code="o">PN1995.9.S62 T54 2003 </subfield>
    <subfield code="p">VBFP000071</subfield>
    <subfield code="r">2016-06-23 00:00:00</subfield>
    <subfield code="t">4</subfield>
    <subfield code="w">2016-06-23</subfield>
    <subfield code="y">PEL</subfield>
  </datafield>
</record>
